|
|
|
|
| LEADER |
00000nab a2200000 a 4500 |
| 001 |
vtls000742614 |
| 003 |
SK-MaSNL |
| 005 |
20260304112720.0 |
| 008 |
250429c2000 xo 0 slo |
| 015 |
|
|
|a SNBRB2001/01-01876
|
| 035 |
|
|
|a CLN000094452
|
| 035 |
|
|
|a urn:nbn:sk:snk-abd3pa
|
| 035 |
|
|
|a (urnnbn)urn:nbn:sk:snk:ar-007kgt
|
| 035 |
|
|
|a (uuid)a26438ee-a159-4d38-9854-29c1972ac186
|
| 040 |
|
|
|a SNKBUCL
|b slo
|c SNKBUCL
|e AACR2
|
| 041 |
0 |
|
|a slo
|
| 044 |
|
|
|a xo
|c SK
|
| 080 |
|
|
|a 373.6:37
|2 1997
|
| 100 |
1 |
|
|a -r-
|4 aut
|9 620826
|
| 245 |
1 |
0 |
|a Päťdesiat rokov SPgŠ v Levoči
|c [autor] -r-
|
| 610 |
|
7 |
|a Stredná pedagogická škola (Levoča, Slovensko)
|2 snkbucl
|9 1028542
|
| 655 |
|
7 |
|a články z novín a časopisov
|2 snkbucl
|9 267496
|
| 773 |
0 |
|
|t Vychovávateľ
|g Roč. 45, č. 4 (2000), s. 35
|x 0139-6919
|
| 850 |
|
|
|a Slovenská národná knižnica
|
| 852 |
|
|
|a Slovenská národná knižnica
|
| 954 |
|
|
|a odborná, vedecká literatúra pôvodná (slovenská)
|2 lita
|
| 958 |
|
|
|a article17
|
| 958 |
|
|
|a OND
|
| 958 |
|
|
|a SK
|
| 958 |
|
|
|a EUIPO
|
| 992 |
|
|
|a RBX
|
| 999 |
|
|
|c 2866826
|d 2868756
|